ბათუმის შოთა რუსთაველის სახელმწიფო უნივერსიტეტის ბიბლიოთეკა

Mathematics for Finance: (ბიბ.ჩანაწერი № 41066)

000 -LEADER
fixed length control field 00807nam a2200241Ia 4500
001 - CONTROL NUMBER
control field 7715
003 - CONTROL NUMBER IDENTIFIER
control field GE_BSU
005 - DATE AND TIME OF LATEST TRANSACTION
control field 20221114145651.0
008 - FIXED-LENGTH DATA ELEMENTS--GENERAL INFORMATION
fixed length control field 181216s2011en xx |||||||||||||| ||eng||
020 ## - INTERNATIONAL STANDARD BOOK NUMBER
International Standard Book Number 9780857290816x
040 ## - CATALOGING SOURCE
Transcribing agency GE_BSU
041 ## - LANGUAGE CODE
Language code of text/sound track or separate title eng
080 ## - UNIVERSAL DECIMAL CLASSIFICATION NUMBER
Universal Decimal Classification number 519.23 C-20
100 ## - MAIN ENTRY--PERSONAL NAME
Personal name Capinski Marek,
9 (RLIN) 14678
245 ## - TITLE STATEMENT
Title Mathematics for Finance:
Remainder of title An Introduction to Financial Engineering /
Statement of responsibility, etc. Marek Capinski, Tomasz Zastawniak.
264 ## - PRODUCTION, PUBLICATION, DISTRIBUTION, MANUFACTURE, AND COPYRIGHT NOTICE
Place of production, publication, distribution, manufacture London:
Name of producer, publisher, distributor, manufacturer Springer,
Date of production, publication, distribution, manufacture, or copyright notice 2011.
300 ## - PHYSICAL DESCRIPTION
Extent 336 p;
Dimensions 23 cm.
440 ## - SERIES STATEMENT/ADDED ENTRY--TITLE
Title Springer Undergraduate Mathematics Series: ISSN 1615-2085.Second Edition.
9 (RLIN) 14679
653 ## - INDEX TERM--UNCONTROLLED
keyword Mathematics for Finance.
653 ## - INDEX TERM--UNCONTROLLED
keyword მათემატიკა ფინანსებისთვის
700 ## - ADDED ENTRY--PERSONAL NAME
Personal name Zastawniak, Tomasz
9 (RLIN) 14680
942 ## - ADDED ENTRY ELEMENTS (KOHA)
Koha item type წიგნი
Source of classification or shelving scheme
ეგზემპლარები
Withdrawn status Lost status Source of classification or shelving scheme Damaged status Not for loan Permanent Location Current Location Shelving location Date acquired Full call number Barcode Date last seen Copy number Price effective from Koha item type Public note Cost, normal purchase price
          ბათუმის შოთა რუსთაველის სახელმწიფო უნივერსიტეტის მთავარი ბიბლიოთეკა ბათუმის შოთა რუსთაველის სახელმწიფო უნივერსიტეტის მთავარი ბიბლიოთეკა წიგნსაცავი 2018-12-17 519.23 C-20 24043 2018-12-17 24043 2018-12-17 წიგნი 68 gel.  
          ბათუმის შოთა რუსთაველის სახელმწიფო უნივერსიტეტის მთავარი ბიბლიოთეკა ბათუმის შოთა რუსთაველის სახელმწიფო უნივერსიტეტის მთავარი ბიბლიოთეკა წიგნსაცავი 2018-12-17 519.23 C-20 24044 2018-12-17 24044 2018-12-17 წიგნი 68 gel. 68.00
          ბათუმის შოთა რუსთაველის სახელმწიფო უნივერსიტეტის მთავარი ბიბლიოთეკა ბათუმის შოთა რუსთაველის სახელმწიფო უნივერსიტეტის მთავარი ბიბლიოთეკა წიგნსაცავი 2018-12-17 519.23 C-20 24045 2018-12-17 24045 2018-12-17 წიგნი 68 gel. 68.00
          ბათუმის შოთა რუსთაველის სახელმწიფო უნივერსიტეტის მთავარი ბიბლიოთეკა ბათუმის შოთა რუსთაველის სახელმწიფო უნივერსიტეტის მთავარი ბიბლიოთეკა წიგნსაცავი 2018-12-17 519.23 C-20 24046 2018-12-17 24046 2018-12-17 წიგნი 68 gel. 68.00
          ბათუმის შოთა რუსთაველის სახელმწიფო უნივერსიტეტის მთავარი ბიბლიოთეკა ბათუმის შოთა რუსთაველის სახელმწიფო უნივერსიტეტის მთავარი ბიბლიოთეკა წიგნსაცავი 2018-12-17 519.23 C-20 24047 2018-12-17 24047 2018-12-17 წიგნი 68 gel. 68.00